000 00577cam a2200181 a 4500
001 000008831
005 20200929161423.0
008 920916s1988 cu 000 0 spa
040 _aDO-SdBNP
_bspa
_cBNPHU
050 0 0 _aMLCS 96/05377 (P)
100 1 _aFernández, Alfredo Antonio,
_d1945-
_923386
245 1 3 _aEl candidato /
_cAlfredo Antonio Fernández.
250 _a2a ed.
260 _aLa Habana :
_bUnión de Escritores y Artistas de Cuba,
_c1988.
300 _a119 p. ;
_c19 cm.
490 1 _aContemporáneos
586 _aPremio UNEAC de novela 1978 "Cirilo Villaverde".
999 _c8600
_d8600